00569nam a2200169Ia 4500008004100000100001800041245009400059245001800153260005900171260000900230300000900239650001800248650001500266856002600281999001900307952007300326170221s9999 xx 000 0 und d aCansu Arısoy aTurkish Series: Products of Popular Culture and Tools for Inclusive Globalization100220  cCansu Arısoy bOnline Journal of Communication and Media Technologies c2014 a15 : xCommunication xMedia Arts uhttp://www.ojcmt.net/ c308817d308817 001040aCLbCLd2017-02-21l0r2017-02-21 00:00:00w2017-02-21yFOJ